| 000 | 00649nam a2200205Ia 4500 | ||
|---|---|---|---|
| 003 | BUBTL | ||
| 008 | 151213s9999 xx 000 0 und d | ||
| 082 |
_a657.3095492 _bICAB |
||
| 100 |
_aThe Institute of Chartered Accounting of BD _95644 |
||
| 245 |
_aBangladesh Financial Reporting standard(BFRS) _cThe Institute of Chartered Accounting of BD |
||
| 250 | _a1st | ||
| 260 |
_aBangladesh _bICAB _c2008 |
||
| 300 |
_a359p . : _b21cm . _cFinance . |
||
| 650 | _aFinance | ||
| 650 | _aFinance | ||
| 700 |
_aThe Institute of Chartered Accounting of BD _95644 |
||
| 856 |
_k0 _l0 _yDownload |
||
| 942 |
_2ddc _cBK |
||
| 999 |
_c4836 _d4836 |
||